Εισαγωγή στη δημιουργική ανάγνωση και γραφή του πεζού λόγου : η συμβολή της αφηγηματολογίας
Αποθηκεύτηκε σε:
| Κύριος συγγραφέας: | |
|---|---|
| Άλλοι συγγραφείς: | |
| Μορφή: | Βιβλίο |
| Γλώσσα: | Greek |
| Δημοσίευση: |
Αθήνα :
Κριτική,
c2018.
|
| Σειρά: | Επιστημονική βιβλιοθήκη (Κριτική)
|
| Θέματα: | |
| Ετικέτες: |
Προσθήκη ετικέτας
Δεν υπάρχουν, Καταχωρήστε ετικέτα πρώτοι!
|
MARC
| LEADER | 00000nam a2200000 a 4500 | ||
|---|---|---|---|
| 001 | 1/118648 | ||
| 008 | 190514s2018####gr | ||| |||| ||gre|| | ||
| 020 | |a 9789605862626 | ||
| 040 | |a GR-MyUa |b gre |c GR-MyUa |e AACR2 | ||
| 041 | 0 | |a gre | |
| 082 | 7 | |a 808.066 |2 (23) | |
| 100 | 1 | |a Κιοσσές, Σπύρος. | |
| 245 | 1 | 0 | |a Εισαγωγή στη δημιουργική ανάγνωση και γραφή του πεζού λόγου : |b η συμβολή της αφηγηματολογίας / |c Σπύρος Κιοσσές ; πρόλογος: Ζωή Γαβριηλίδου. |
| 260 | |a Αθήνα : |b Κριτική, |c c2018. | ||
| 300 | |a 484 σ. : |b εικ. ; |c 21 εκ. | ||
| 490 | 1 | |a (Επιστημονική βιβλιοθήκη / Κριτική) | |
| 504 | |a Βιβλιογραφία : σ. [453]-484. | ||
| 504 | |a Περιλαμβάνει βιβλιογραφικές παραπομπές. | ||
| 650 | 0 | |a Creative writing. | |
| 650 | 0 | |a Fiction |x Technique. | |
| 650 | 0 | |a Fiction |x Authorship. | |
| 700 | 0 | |a Γαβριηλίδου, Ζωή, |e aui | |
| 830 | 0 | |a Επιστημονική βιβλιοθήκη (Κριτική) | |
| 852 | |a INST |b RHODES |c EUDOXUS |e 20190514 |h 808.066 ΚΙΟ |p 005400040738 |q 005400040738 |t EDX |y 0 | ||
| 920 | |a Εύδοξος |b Παραγγελία |y Ρόδος-ΤΕΠΑΕΣ |z 2019-05 | ||
| 970 | |a Μαρία |b Κωτάκου |z 14-05-2019 | ||